Quizzes
Events
Quiz Creation
Community
Videos
Private Events
Remove Ads
Sign In
Join for FREE
Feedback
Dark Mode
Quiz Categories
Sports
Geography
Music
Movies
Television
Just For Fun
Miscellaneous
History
Literature
Language
Science
Gaming
Entertainment
Religion
Holiday
For Kids
Quiz Lab
Recent
Popular Today
Quiz Kudos Today
Editor Picks
Curator Picks
Quizzes by...
Day
Popularity
Type
Ratings
Length
Year
Community
Subscriptions
Recent Discussions
Orange Saloon
Badges
Playlists
Quests
Create
Leaderboards
Showdown
Live 5
Trivia Bingo
Activity
Puzzle Library
Sporcle Events
Private Events
Virtual Trivia
Globe League
Become a Host
Pub Owners
SporcleCon
Opinionation
Our Games
Videos
Blog
Mobile Apps
Partnerships
Remove Ads and Go Orange
Feedback
Just For Fun
Clickable
Get the Picture
Humor
Quick Pick
Word Ladder
Missing Word
Mixed Word
Blitz
Minefield
This or That
Alphabet
Color
Typing
Sporcle
Puzzle
Word Play
Follow That Line
Logic
Just For Fun
Clickable
Get the Picture
Humor
Quick Pick
Word Ladder
Missing Word
Mixed Word
Blitz
Minefield
This or That
Alphabet
Color
Typing
Sporcle
Puzzle
Word Play
Follow That Line
Logic
Random Quiz
Search Sporcle
×
Quiz Lab
Quiz Lab
Just For Fun
Animal
Type in answers that appear in a list
Type in answers that appear in a list
Classic
Best Score? Go Orange.
Country by National Animal Stats
Can you name the Country by National Animal?
By
soccer4eva
14m
25 Questions
202 Plays
202 Plays
202 Plays
Comments
Comments
Give Quiz Kudos
Give Quiz Kudos
-
- Ratings
hide this ad
More Info
Replay
Link that replays current quiz
Next Quiz
Link to next quiz in quiz playlist
You Got
0%
They Got
Avg Score
41%
Avg Friend Score
Upgrade to see
Score Distribution
Jump to the score distribution portion of the page
Score
0/25
Timer
14:00
0
Plays Today
Animals
Country
% Correct
Kangaroo, Emu, Koala
Australia
86.6%
Giant Panda, Crane, Golden Pheasant
China
80.7%
Gallic Rooster
France
67.8%
Bull
Spain
62.9%
Dolphin, Pheonix
Greece
52%
Cheetah, African Elephant
Kenya
51%
Andean Condor
Ecuador
47.5%
Elk
Norway
46%
Dragon, Tiger, Water Buffalo
Vietnam
42.6%
Mute Swan
Denmark
41.1%
Grey Wolf
Turkey
40.1%
White Eagle, Wisent, White Stork
Poland
39.1%
Camel
Jordan
38.1%
Animals
Country
% Correct
Falcon
Iceland
36.6%
Lion
Belgium
36.1%
Arabian Leopard
Yemen
30.2%
Arabian Oryx
Oman
29.7%
White-
tailed Deer
Honduras
29.2%
Wolf
Lithuania
29.2%
Sable Antelpoe
Zimbabwe
28.7%
Lynx
Romania
27.2%
Grey Crowned Cranes
Uganda
26.7%
Oryx
Qatar
24.3%
Dragon
Wales
22.3%
European Hedgehog, European Rabbit, Wood Mouse
Monaco
20.8%
Quiz Playlist
Details
Report
Send in Message
Add To Playlist
More Info:
try to name the country by the national animal
Classic:
Type in answers that appear in a list
Last Updated: Feb 16, 2017
Quiz Scoreboard
CHALLENGE
Sign Up to Join the Scoreboard
Show All
Scores
Hide
Comments
May contain spoilers
Recently Published
9x9 Crossword: Cartoon Network
by jackfrog10
Miscellaneous
3m
College Basketball Coaching Resumes
by pancakes188
Sports
9m
Billboard Blitz: Fleetwood Mac
by CooCooCachoo
Music
15s
More to Explore
Quiz From the Vault
Featured Blog Post
Where Did the Easter Bunny Come From?
hide this ad
You Might Also Like...
Tags
Animal Quiz
Country Quiz
national
National Animal
Today's Top Quizzes in Just For Fun
Browse Just For Fun
hide this ad
Today's Top Quizzes in Animal
Browse Animal
Top Contributed Quizzes in Just For Fun
1
Name Just One - 10 to 1: Just For Fun
2
Killer Double Trees 224 - Colour Match-Up
3
Spring Typing Challenge
4
Crossword Whiteout! 49
5
Zeroing In: Just For Fun
6
Survivor Winners Logic Puzzle
7
Word Ladder: Wilderness Weapon
8
Word Ladder: Ahoy Matey
9
Kyle's 122nd Triple Trees
10
Harry Potter Logic - 'In Chains' II
Explore More
Trending Topics
Disney
Marvel
Harry Potter
Crossword
Kpop
NBA
Anime
Puzzle
Pokémon
Song
WWE
The Office
Country
NFL
Soccer
hide this ad
More By:
soccer4eva
Quiz
Plays
Rating
Category
Featured
Created
Cutoff Candy Logos
1,554
2.00
Just For Fun
Sep 2, 2011
Most Common Passwords
894
2.00
Miscellaneous
Aug 25, 2010
Famous Miis
858
3.86
Entertainment
Aug 16, 2011
Chat acronym symbols
633
2.00
Miscellaneous
Jul 30, 2010
Most Common Elements and Symbols
566
2.50
Science
Sep 24, 2010
Go to Creator's Profile
Score Distribution
Quiz Creator Spotlight
soccer4eva
Follow
Send a Message
Quizzes Created
-
Created Quiz Play Count
-
More By This Creator
Popular Quizzes Today
1
Find the US States - No Outlines Minefield
2
Find the Countries of Europe - No Outlines Minefield
3
The Countries of the World
4
Find the US States
5
Risky Map Clicking: Biggest States A-Z
6
US States
7
Popular People in 1961
8
Movies - When Are They Set?
More Just For Fun Quizzes
Tic-Tac-Toe Logic Puzzle
Published
Trending Quizzes
Risky Map Clicking: Least Populous States A-Z
1-10 Letter G Words
Risky Map Clicking: Next State Alphabetically
Adjectives in 80s TV Shows
Risky Map Clicking: Biggest States A-Z
Recently Updated
Leaping Animals
pecheneg
Reality TV Shows (A-Z)
bhenderson79
Rickey Henderson's Hall of Fame Teammates
pecheneg
Champions League XIs: Arsenal
pecheneg
Quick Pick: Celebrities in WWE's Hall of Fame
aduchscher
A-Z Keypad Blitz II
pecheneg
Multiple Oscar Actors
pecheneg
Mystery Phrase Blitz: Oscar 'Best Actors'
pecheneg
F. Scott Fitzgerald Novels
LTH
Pick 3 Villains
ddd62291
Trending Topics
Harry Potter
Disney
Anime
Kpop
Crossword
NBA
Marvel
Soccer
Country
NFL
Pokémon
Puzzle
Song
The Office
WWE
Your Account Isn't Verified!
In order to create a playlist on Sporcle, you need to verify the email address you used during registration. Go to your
Sporcle Settings
to finish the process.
Report this User
Report this user for behavior that violates our
Community Guidelines
.
Details:
Send Report
Go to the Sporcle.com Mobile Site →
Comments